Das Informationszeitalter : Wirtschaft . Gesellschaft . Kultur
Αποθηκεύτηκε σε:
| Κύριος συγγραφέας: | |
|---|---|
| Άλλοι συγγραφείς: | |
| Μορφή: | Βιβλίο |
| Γλώσσα: | German |
| Δημοσίευση: |
Opladen :
Leske + Budrich,
2001-2003
|
| Θέματα: | |
| Ετικέτες: |
Προσθήκη ετικέτας
Δεν υπάρχουν, Καταχωρήστε ετικέτα πρώτοι!
|
MARC
| LEADER | 00000nam a2200000 i 4500 | ||
|---|---|---|---|
| 001 | 1/60606 | ||
| 008 | 040914m20012003 ger d | ||
| 020 | |a 3-8100-3223-9 (v.1) | ||
| 020 | |a 3-8100-3224-7 (v.2) | ||
| 020 | |a 3-8100-3225-5 (v.3) | ||
| 035 | |l 10074323 | ||
| 040 | |a GR-MY-UA |b gre |e aacr | ||
| 041 | 0 | |a ger | |
| 082 | 0 | |a 303.4833 |2 (21) | |
| 100 | 1 | |a Castells, Manuel |d 1942- | |
| 245 | 1 | 4 | |a Das Informationszeitalter : |b Wirtschaft . Gesellschaft . Kultur / |c Manuel Castells ; Ubersetzt von Reinhart Kossler |
| 260 | |a Opladen : |b Leske + Budrich, |c 2001-2003 | ||
| 300 | |a 3 v.; |b ill.; |c 25 cm | ||
| 500 | |a Der Trilogie Das Informationszeitalter | ||
| 505 | 0 | |a vol.1: Der Aufstieg der Netzwerkgesellschaftvol.2: Die Macht der Identitatvol.3: Jahrtausendwende | |
| 650 | 0 | 0 | |a Information society. |
| 650 | 0 | 0 | |a Information networks. |
| 650 | 0 | 0 | |a Technology and civilization. |
| 650 | 0 | 0 | |a Information technology |x Economic aspects. |
| 650 | 0 | 0 | |a Information technology |x Social aspects. |
| 650 | 0 | 0 | |a Social movements. |
| 650 | 0 | 0 | |a Identity. |
| 700 | 0 | |a Kossler, Reinhart. |4 trl | |
| 740 | 0 | 2 | |a Der Aufstieg der Netzwerkgesellschaft |
| 740 | 0 | 2 | |a Die Macht der Identitat |
| 740 | 0 | 2 | |a Jahrtausendwende |
| 852 | |a INST |b RHODES |e 20040914 |h 303.4833 CAS |p 005400017970 |q 005400017970 |t BK |y 0 |z v.3 | ||
| 852 | |a INST |b RHODES |e 20040914 |h 303.4833 CAS |p 005400017971 |q 005400017971 |t BK |y 0 |z v.2 | ||
| 852 | |a INST |b RHODES |e 20040914 |h 303.4833 CAS |p 005400017972 |q 005400017972 |t BK |y 0 |z v.1 | ||
| 852 | |a INST |b RHODES |e 20040914 |h 303.4833 CAS |p 005400017970 |q 005400017970 |t BK |v v.3: |y 0 |z v.3 | ||
| 852 | |a INST |b RHODES |e 20040914 |h 303.4833 CAS |p 005400017971 |q 005400017971 |t BK |v v.2: |y 0 |z v.2 | ||
| 852 | |a INST |b RHODES |e 20040914 |h 303.4833 CAS |p 005400017972 |q 005400017972 |t BK |v v.1: |y 0 |z v.1 | ||
| 853 | |a INST |b RHODES |h 303.4833 CAS | ||
| 901 | |a BIBL4-2004-3 | ||
| 909 | |a Ρ |b 113179 | ||
| 909 | |a Ρ |b 113180 | ||
| 909 | |a Ρ |b 113181 | ||
| 922 | |a 4ΕΛΗ |b 200408 |c ΕΠΕΑΕΚ2/ΠΤΔΕ |d ΜΙΧΑΛΟΠΟΥΛΟΣ | ||
| 950 | |a 095-2004-06-16 | ||
| 970 | |a ΧΟΡΟΖΙΔΟΥ |b ΤΖΕΝΗ |z 2004/12/10 | ||